Teoreticko-metodologické otázky tvorby teritoriálnych komplexov služieb čiastková úloha ŠPEV 904-533-307/01

Gespeichert in:
Bibliographische Detailangaben
1. Verfasser: Kontra, Martin
Format: Buch
Sprache:Slowakisch
Veröffentlicht: Banská Bystrica VŠE 1986
Tags: Tag hinzufügen
Keine Tags, Fügen Sie das erste Tag hinzu!

MARC

LEADER 00000nam a2200000 4500
001 c033184
005 20260325112541.9
041 0 |a slo 
044 |a SK 
245 1 0 |a Teoreticko-metodologické otázky tvorby teritoriálnych komplexov služieb  |b čiastková úloha ŠPEV 904-533-307/01  |c Martin Kontra 
264 1 |a Banská Bystrica  |b VŠE  |c 1986 
300 |a 84 s. 
100 1 |a Kontra, Martin